[Event "X Weekend A"]
[Site "Gorgonzola ITA"]
[Date "2005.11.12"]
[Round "1"]
[White "Pace, Pietro Dario"]
[Black "Cazzaniga, Walter"]
[Result "0-1"]
[WhiteElo "2233"]
[BlackElo "2104"]
[PlyCount "96"]
[EventDate "2005.11.12"]

1. e4 e6 2. d4 d5 3. Nc3 Bb4 4. e5 c5 5. a3 Bxc3+ 6. bxc3 Ne7 7. h4 Nbc6 8. a4
Qa5 9. Bd2 Bd7 10. Nf3 f6 11. c4 Qc7 12. exf6 gxf6 13. cxd5 Nxd5 14. c4 Nde7
15. Be3 O-O-O 16. Qc2 cxd4 17. Nxd4 Nxd4 18. Bxd4 e5 19. Bc3 Bf5 20. Qb2 Rhg8
21. a5 a6 22. h5 Nc6 23. Rh4 Rd7 24. c5 Rgd8 25. Bc4 Nd4 26. Rc1 Qc6 27. Kf1
Rg7 28. f3 Nxf3 29. gxf3 Qxf3+ 30. Qf2 Rd1+ 31. Rxd1 Qxd1+ 32. Qe1 Qf3+ 33. Qf2
Bd3+ 34. Bxd3 Qxd3+ 35. Ke1 Qxc3+ 36. Kf1 Qc1+ 37. Ke2 Qc2+ 38. Ke1 Qb1+ 39.
Ke2 Rd7 40. Qe1 Qc2+ 41. Kf3 Rd3+ 42. Kg4 Rd4+ 43. Kg3 Rd3+ 44. Kg4 h6 45. Qf1
Rd4+ 46. Kg3 Qc3+ 47. Kg2 Rxh4 48. Qf5+ Kb8 0-1

[Event "X Weekend A"]
[Site "Gorgonzola ITA"]
[Date "2005.11.12"]
[Round "1"]
[White "Piantoni, Roberto"]
[Black "Agrifoglio, Fabio"]
[Result "1-0"]
[WhiteElo "2153"]
[BlackElo "2031"]
[PlyCount "101"]
[EventDate "2005.11.12"]

1. d4 Nf6 2. Nf3 g6 3. Bf4 Bg7 4. e3 d6 5. h3 O-O 6. Be2 c5 7. c3 Qb6 8. Qb3
Be6 9. Qa3 Nc6 10. Nbd2 Qa5 11. Qxa5 Nxa5 12. O-O Rac8 13. dxc5 dxc5 14. Rfd1
h6 15. e4 Nc6 16. Be3 b6 17. Ba6 Rcd8 18. Bb5 Nb8 19. a4 Bc8 20. Bf4 Bb7 21.
Re1 g5 22. Bh2 g4 23. hxg4 Nxg4 24. Bg3 Nc6 25. Nc4 Na5 26. Nxa5 bxa5 27. Bc7
Rc8 28. Bxa5 Nf6 29. Nd2 Kh8 30. f3 a6 31. Bc4 e6 32. Nf1 Nh5 33. Rad1 Be5 34.
Ne3 Rc6 35. Ng4 Bg3 36. Re2 Nf4 37. Red2 h5 38. Ne3 Ng6 39. Rd8 Rc8 40. Rxc8
Rxc8 41. Rd7 Bf4 42. Rxb7 Bxe3+ 43. Kf1 Rc6 44. Rb6 Ne5 45. Bxa6 Kg7 46. Rxc6
Nxc6 47. Bb6 Kf6 48. Bb7 Ne5 49. Ke2 Bc1 50. a5 Nd7 51. Bd8+ 1-0

[Event "X Weekend A"]
[Site "Gorgonzola ITA"]
[Date "2005.11.12"]
[Round "1"]
[White "Ranola, Yves"]
[Black "Bozzali, Ermanno"]
[Result "1-0"]
[WhiteElo "2455"]
[BlackElo "2108"]
[PlyCount "121"]
[EventDate "2005.11.12"]

1. c4 d6 2. g3 g6 3. Bg2 Bg7 4. Nc3 e5 5. d3 Nc6 6. e4 Nge7 7. Nge2 O-O 8. O-O
Be6 9. Nd5 Qd7 10. Be3 Nd4 11. Nxd4 exd4 12. Bd2 Rab8 13. Nxe7+ Qxe7 14. f4 f5
15. Re1 Qd7 16. exf5 Bxf5 17. Qb3 Kh8 18. Qa3 a6 19. Rac1 c5 20. b4 Rfc8 21.
Be4 Bh3 22. bxc5 dxc5 23. Rb1 Bf8 24. Rb6 Re8 25. Qb3 Re6 26. Rxe6 Bxe6 27. Qb6
Bf5 28. Kf2 Bxe4 29. Rxe4 Qd6 30. Ba5 Qxb6 31. Bxb6 Rc8 32. a4 Kg7 33. g4 Rc6
34. a5 Kf7 35. Kf3 Bd6 36. h4 h5 37. gxh5 gxh5 38. f5 Rc8 39. Re6 Be7 40. Rh6
Bxh4 41. Rxh5 Bf6 42. Rh2 Re8 43. Re2 Rc8 44. Re6 Bd8 45. Ke4 Bxb6 46. Rxb6
Re8+ 47. Kd5 Re3 48. Rb3 Kf6 49. Kxc5 Re5+ 50. Kxd4 Rxa5 51. Rxb7 Kxf5 52. Re7
Kf6 53. Re2 Ra1 54. Kd5 a5 55. c5 a4 56. d4 a3 57. Kd6 Rb1 58. Rf2+ Kg7 59. c6
Rb2 60. Rf3 a2 61. Ra3 1-0

[Event "X Weekend A"]
[Site "Gorgonzola ITA"]
[Date "2005.11.12"]
[Round "1"]
[White "Virzi, Ettore"]
[Black "Bellani, Alessandro"]
[Result "1-0"]
[WhiteElo "2001"]
[BlackElo "2116"]
[PlyCount "65"]
[EventDate "2005.11.12"]

1. e4 c5 2. Nf3 d6 3. d4 cxd4 4. Nxd4 Nf6 5. Nc3 g6 6. Be3 Bg7 7. f3 O-O 8. Qd2
Nc6 9. O-O-O d5 10. exd5 Nxd5 11. Nxc6 bxc6 12. Bd4 e5 13. Bc5 Be6 14. Ne4 f5
15. Ng5 Bh6 16. h4 Rf7 17. c4 Rd7 18. cxd5 Rxd5 19. Bc4 Rxd2 20. Bxe6+ Kg7 21.
Rxd2 Bxg5 22. hxg5 Qxg5 23. Kc2 h5 24. Be7 Qg3 25. Rh3 Qf4 26. Rh4 Qg3 27. Rb4
f4 28. Rb7 Kh6 29. Bf6 Re8 30. Bh3 c5 31. Rdd7 g5 32. Bf5 Qxg2+ 33. Rd2 1-0

[Event "X Weekend A"]
[Site "Gorgonzola ITA"]
[Date "2005.11.13"]
[Round "2"]
[White "Agrifoglio, Fabio"]
[Black "Facchetti, Gianni"]
[Result "0-1"]
[WhiteElo "2031"]
[BlackElo "2123"]
[PlyCount "95"]
[EventDate "2005.11.12"]

1. d4 Nf6 2. Nf3 d6 3. c4 Nbd7 4. Bf4 Nh5 5. Bg5 h6 6. Bh4 g5 7. Bg3 Nxg3 8.
hxg3 Bg7 9. e3 c5 10. Nc3 b6 11. Bd3 Bb7 12. Be4 Qc8 13. Qd3 Nf6 14. Bxb7 Qxb7
15. O-O-O O-O-O 16. Kb1 e6 17. Qc2 Ng4 18. Rd2 Kb8 19. Rhd1 Qe7 20. Nb5 a6 21.
Nc3 Qc7 22. Qa4 Kb7 23. dxc5 Qxc5 24. Ne4 Qf5 25. Qc2 Kc7 26. Rxd6 Rxd6 27.
Rxd6 Nxf2 28. Nfd2 Nxe4 29. Nxe4 Qe5 30. c5 bxc5 31. Rxa6 Rb8 32. Qxc5+ Qxc5
33. Nxc5 Rxb2+ 34. Kc1 Rxg2 35. a4 Bb2+ 36. Kb1 Ba3 37. Ne4 Kb7 38. Ra5 f5 39.
Nc5+ Bxc5 40. Rxc5 Rxg3 41. Re5 h5 42. Rxe6 h4 43. Kc2 h3 44. Kd2 g4 45. Rh6
Rg2+ 46. Kd3 h2 47. e4 fxe4+ 48. Kxe4 0-1

[Event "X Weekend A"]
[Site "Gorgonzola ITA"]
[Date "2005.11.13"]
[Round "2"]
[White "Barlocco, Carlo"]
[Black "Manzoni, Alessandro"]
[Result "1/2-1/2"]
[WhiteElo "2224"]
[BlackElo "2074"]
[PlyCount "147"]
[EventDate "2005.11.12"]

1. e4 d6 2. d4 Nf6 3. Nc3 g6 4. Bg5 c6 5. Qd2 b5 6. Bxf6 exf6 7. a4 b4 8. Na2
a5 9. c3 c5 10. cxb4 cxb4 11. Nf3 Bg7 12. Bd3 O-O 13. O-O d5 14. exd5 Bb7 15.
Bc4 Bxd5 16. b3 Qd6 17. Bxd5 Qxd5 18. Nc1 Nc6 19. Rb1 f5 20. Ne2 Rad8 21. Rfd1
Rfe8 22. Rbc1 Rd6 23. Rc4 Ne7 24. Nf4 Qa8 25. Qc2 Qe4 26. Ne2 Nd5 27. Rc8 Rde6
28. Ng3 Qxc2 29. Rxc2 Nc3 30. Rd3 f4 31. Nf1 Rd6 32. Rcd2 Bf6 33. g3 Ne2+ 34.
Kg2 fxg3 35. hxg3 Nc1 36. Re3 Rxe3 37. fxe3 Nxb3 38. Rc2 Re6 39. Kf2 g5 40.
N1h2 h5 41. Ne1 Bg7 42. Nd3 Kh7 43. Nf1 Rf6+ 44. Ke1 Re6 45. Kd1 Rd6 46. Rb2
Nxd4 47. exd4 Rxd4 48. Rd2 h4 49. gxh4 Rxh4 50. Rh2 Rxh2 51. Nxh2 f5 52. Nc5
Kg6 53. Nb3 Be5 54. Nf3 Bc7 55. Ke2 Kf6 56. Nfd4 Ke5 57. Nc6+ Kd5 58. Ncxa5 g4
59. Kd3 Bb6 60. Nc4 Ba7 61. Ne3+ Ke5 62. Nc1 Kf4 63. Nd5+ Kf3 64. Nxb4 g3 65.
Nc6 Bc5 66. Ne2 g2 67. Ne5+ Kf2 68. Kd2 g1=Q 69. Nxg1 Kxg1 70. Kd3 Kg2 71. Kc4
Ba7 72. Nc6 f4 73. Ne5 Bb8 74. Nd3 1/2-1/2

[Event "X Weekend A"]
[Site "Gorgonzola ITA"]
[Date "2005.11.13"]
[Round "2"]
[White "Bellani, Alessandro"]
[Black "Astengo, Corrado"]
[Result "0-1"]
[WhiteElo "2116"]
[BlackElo "2105"]
[PlyCount "80"]
[EventDate "2005.11.12"]

1. d4 d5 2. c4 c6 3. Nf3 Nf6 4. Nc3 dxc4 5. a4 Bf5 6. e3 e6 7. Bxc4 Bb4 8. O-O
O-O 9. h3 h6 10. Qe2 Bh7 11. Rd1 Nbd7 12. Ne5 Qa5 13. Nxf7 Kxf7 14. g4 Rae8 15.
f4 Qc7 16. Qf2 Kg8 17. Ne2 Kh8 18. Qg2 Be4 19. Qg3 Bd5 20. Bd3 Ne4 21. Qh2 Ndf6
22. Rf1 Nd2 23. Bxd2 Bxd2 24. Qg3 Ne4 25. Qf3 Ng5 26. Qg3 Be4 27. Bc4 Nf7 28.
Rad1 Bb4 29. Qh2 Qe7 30. Qg3 Nd6 31. Bb3 Bd5 32. Bc2 Ne4 33. Bxe4 Bxe4 34. Rf2
Bc2 35. Rdf1 Bxa4 36. h4 Bc2 37. f5 Bd6 38. Qh3 exf5 39. Nc3 Bd3 40. Re1 fxg4
0-1

[Event "X Weekend A"]
[Site "Gorgonzola ITA"]
[Date "2005.11.13"]
[Round "2"]
[White "Bertazzo, Giorgio"]
[Black "Astengo, Marcello"]
[Result "0-1"]
[WhiteElo "2137"]
[BlackElo "2077"]
[PlyCount "101"]
[EventDate "2005.11.12"]

1. e4 e6 2. Qe2 c5 3. Nf3 Nc6 4. g3 e5 5. Bg2 d6 6. c3 Bg4 7. h3 Be6 8. O-O Be7
9. Rd1 Bf6 10. Na3 Nge7 11. Nc2 Qb6 12. d3 O-O 13. Nh2 g6 14. Ne3 Bg7 15. Nd5
Qd8 16. Rf1 Qd7 17. h4 Rae8 18. Be3 Kh8 19. h5 h6 20. Qd2 g5 21. f4 exf4 22.
gxf4 f6 23. Nxe7 Qxe7 24. d4 Bc4 25. Rfe1 Qf7 26. b3 cxd4 27. cxd4 Ba6 28. d5
Ne7 29. Rac1 b6 30. Rc7 Ra8 31. Bf3 Rfc8 32. Rec1 Qe8 33. Bd4 Rxc7 34. Rxc7 Qd8
35. Qc3 Rc8 36. Rxc8 Qxc8 37. Ng4 Qxc3 38. Bxc3 f5 39. Bxg7+ Kxg7 40. exf5 Nxf5
41. fxg5 hxg5 42. Nf2 Nd4 43. Kg2 Bb7 44. Be4 Kh6 45. Ng4+ Kxh5 46. Nf6+ Kh4
47. Ne8 Nb5 48. Kf2 g4 49. a4 g3+ 50. Kg2 Nc3 51. Bf3 0-1

[Event "X Weekend A"]
[Site "Gorgonzola ITA"]
[Date "2005.11.13"]
[Round "2"]
[White "Bonade', Massimo"]
[Black "Pace, Pietro Dario"]
[Result "0-1"]
[WhiteElo "2070"]
[BlackElo "2233"]
[PlyCount "64"]
[EventDate "2005.11.12"]

1. d4 Nf6 2. c4 g6 3. Nc3 d5 4. cxd5 Nxd5 5. e4 Nxc3 6. bxc3 Bg7 7. Bc4 O-O 8.
Ne2 c5 9. O-O Nc6 10. Be3 Na5 11. Bd3 b6 12. Qd2 Qc7 13. Rac1 Rd8 14. f4 f5 15.
Ng3 e6 16. Qe2 Bb7 17. h4 Qe7 18. h5 cxd4 19. cxd4 Rxd4 20. hxg6 hxg6 21. Rfd1
Qh4 22. Bf2 Qxf4 23. exf5 exf5 24. Qe6+ Kh7 25. Nxf5 Qg4 26. Bg3 Bc8 27. Qe7
Bxf5 28. Rc7 Qxd1+ 29. Be1 Rd7 30. Qh4+ Kg8 31. Rxd7 Bxd7 32. Qe4 Re8 0-1

[Event "X Weekend A"]
[Site "Gorgonzola ITA"]
[Date "2005.11.13"]
[Round "2"]
[White "Bozzali, Ermanno"]
[Black "Cervini, Gian Piero"]
[Result "1-0"]
[WhiteElo "2108"]
[BlackElo "2028"]
[PlyCount "105"]
[EventDate "2005.11.12"]

1. e4 d6 2. d4 Nf6 3. Nc3 g6 4. Be3 Bg7 5. f3 c6 6. Qd2 b5 7. Nge2 b4 8. Nd1
Qa5 9. Nc1 Ba6 10. Nd3 Bxd3 11. Bxd3 Nbd7 12. O-O O-O 13. Nf2 Rfc8 14. a3 c5
15. axb4 Qxb4 16. c3 Qb6 17. Ra6 Qb7 18. Ra4 Nb6 19. Ba6 Qc6 20. Ra2 Rd8 21. d5
Qc7 22. Rfa1 e6 23. c4 Nfd7 24. Qc2 Rf8 25. Bb5 exd5 26. cxd5 f5 27. Bc6 Rae8
28. Rxa7 Qd8 29. Rb7 f4 30. Bd2 Re7 31. Raa7 Rff7 32. Nh3 Be5 33. Ng5 Bd4+ 34.
Kh1 Ne5 35. Nxf7 Rxf7 36. Rxf7 Nxf7 37. Bxf4 Ne5 38. b3 Qh4 39. Bg3 Qf6 40. Qe2
c4 41. bxc4 Nexc4 42. Bb5 Ne3 43. Bf2 Qg5 44. g3 Nbxd5 45. Ra8+ Kg7 46. exd5
Qxd5 47. Re8 Nf5 48. Bc4 Qc6 49. Bxd4+ Nxd4 50. Qe7+ Kh6 51. Qh4+ Kg7 52. Re7+
Kf8 53. Qf6# 1-0

[Event "X Weekend A"]
[Site "Gorgonzola ITA"]
[Date "2005.11.13"]
[Round "2"]
[White "Bressanelli, Roberto"]
[Black "Giretti Kanev, Jasen"]
[Result "1-0"]
[WhiteElo "2102"]
[BlackElo "2203"]
[PlyCount "77"]
[EventDate "2005.11.12"]

1. e4 e6 2. d4 d5 3. Nd2 Nf6 4. e5 Nfd7 5. Bd3 c5 6. c3 Nc6 7. Ne2 cxd4 8. cxd4
f6 9. Nf4 Qe7 10. Nf3 fxe5 11. dxe5 Ndxe5 12. Nxe5 Nxe5 13. Qh5+ Nf7 14. O-O g6
15. Qe2 Bg7 16. Bb5+ Bd7 17. Bxd7+ Kxd7 18. Qb5+ Kd8 19. Re1 Be5 20. Nxd5 exd5
21. Qxd5+ Qd7 22. Bg5+ Ke8 23. Rxe5+ Nxe5 24. Qxe5+ Kf7 25. Qf4+ Kg8 26. Bh6
Qf7 27. Qd4 Re8 28. Rd1 g5 29. Qd8 Qg6 30. Qd5+ Re6 31. Re1 Kf7 32. Qd7+ Kg8
33. Qxe6+ Qxe6 34. Rxe6 Kf7 35. Rd6 Rg8 36. h4 gxh4 37. Rd7+ Kg6 38. Be3 Kf5
39. Rxh7 1-0

[Event "X Weekend A"]
[Site "Gorgonzola ITA"]
[Date "2005.11.13"]
[Round "2"]
[White "Brigati, Alessandro"]
[Black "Piantoni, Roberto"]
[Result "1/2-1/2"]
[WhiteElo "2006"]
[BlackElo "2153"]
[PlyCount "88"]
[EventDate "2005.11.12"]

1. d4 Nf6 2. c4 c5 3. d5 b5 4. cxb5 a6 5. bxa6 Bxa6 6. Nc3 g6 7. Nf3 Bg7 8. g3
d6 9. Bh3 Nbd7 10. O-O Nb6 11. Re1 O-O 12. e4 Nfd7 13. Qc2 Ra7 14. b3 Qa8 15.
Bb2 h6 16. Nd1 f5 17. Bxg7 Kxg7 18. exf5 Nxd5 19. Bg2 N7f6 20. fxg6 Nb4 21. Qc3
Qe8 22. Nh4 Nd3 23. Ne3 Nxe1 24. Nef5+ Kg8 25. Nxh6+ Kh8 26. Rxe1 Bc8 27. a4
Kg7 28. Nf7 Rxf7 29. gxf7 Qxf7 30. Bf1 Kf8 31. Bc4 Qh5 32. Be6 Bxe6 33. Rxe6
Rb7 34. Re1 Qd5 35. Rb1 Qe4 36. Rb2 Rb4 37. Nf3 e5 38. Nd2 Qe1+ 39. Kg2 Ke7 40.
Qe3 Qa1 41. Rb1 Qa2 42. Qc3 Ne4 43. Nxe4 Qxb1 44. Nd2 Qd1 1/2-1/2

[Event "X Weekend A"]
[Site "Gorgonzola ITA"]
[Date "2005.11.13"]
[Round "2"]
[White "Cazzaniga, Walter"]
[Black "Bonazzi, Edoardo"]
[Result "1/2-1/2"]
[WhiteElo "2104"]
[BlackElo "2161"]
[PlyCount "54"]
[EventDate "2005.11.12"]

1. d4 Nf6 2. c4 c5 3. d5 b5 4. cxb5 a6 5. bxa6 Bxa6 6. Nc3 d6 7. Nf3 g6 8. g3
Bg7 9. Bg2 Nbd7 10. O-O Nb6 11. Re1 O-O 12. e4 Nfd7 13. Qc2 Nc4 14. Nd2 Nce5
15. Bf1 Bxf1 16. Rxf1 Qb6 17. f4 Ng4 18. Nc4 Qb4 19. Qe2 Bd4+ 20. Kg2 Ngf6 21.
Bd2 Nb6 22. Nxb6 Qxb6 23. Rfb1 Rfb8 24. a4 Qb3 25. Qd3 Rb4 26. a5 Qc4 27. Qxc4
Rxc4 1/2-1/2

[Event "X Weekend A"]
[Site "Gorgonzola ITA"]
[Date "2005.11.13"]
[Round "2"]
[White "Salvador, Roland"]
[Black "Virzi, Ettore"]
[Result "1-0"]
[WhiteElo "2397"]
[BlackElo "2001"]
[PlyCount "57"]
[EventDate "2005.11.12"]

1. d4 d5 2. Nf3 c6 3. c4 e6 4. Nc3 dxc4 5. a4 Bb4 6. e4 b5 7. Be2 Bb7 8. O-O a6
9. Qc2 Ne7 10. e5 Nd7 11. Ne4 Nd5 12. Nfg5 h6 13. Nxe6 fxe6 14. Bh5+ Kf8 15. f4
Qh4 16. Ng3 Ne7 17. f5 Qxd4+ 18. Kh1 Nxe5 19. fxe6+ Kg8 20. Bf4 Nd3 21. Qe2
Qxb2 22. Bf7+ Kf8 23. Qe3 Bc5 24. Qf3 Nf2+ 25. Rxf2 Bxf2 26. Rf1 g5 27. Bd6 Qg7
28. Nf5 Qf6 29. Qc3 1-0

[Event "X Weekend A"]
[Site "Gorgonzola ITA"]
[Date "2005.11.13"]
[Round "2"]
[White "Tencati, Giuseppe"]
[Black "Ranola, Yves"]
[Result "0-1"]
[WhiteElo "2132"]
[BlackElo "2455"]
[PlyCount "80"]
[EventDate "2005.11.12"]

1. d4 Nf6 2. c4 Nc6 3. Nf3 e6 4. Bg5 h6 5. Bxf6 Qxf6 6. a3 g5 7. e3 Bg7 8. Nc3
d6 9. Qc2 Qd8 10. Rd1 g4 11. Nd2 e5 12. dxe5 Nxe5 13. Nd5 O-O 14. Be2 Ng6 15.
O-O c6 16. Nc3 Qe7 17. Nde4 Bf5 18. Bd3 Ne5 19. Nf6+ Qxf6 20. Bxf5 Nxc4 21.
Bxg4 d5 22. Rc1 Rad8 23. Rfd1 Rfe8 24. Be2 Nd6 25. Rd4 Qe6 26. Rd2 Be5 27. Bd3
Kh8 28. Ne2 Rg8 29. Ng3 Rdf8 30. Nf5 Rg5 31. Nxd6 Bxd6 32. e4 Bf4 33. Re1 Qh3
34. g3 Rh5 35. f3 Bxg3 36. Ree2 Be5 37. Rg2 Qxf3 38. Bf1 dxe4 39. Qd1 Qxd1 40.
Rxd1 f5 0-1

[Event "X Weekend A"]
[Site "Gorgonzola ITA"]
[Date "2005.11.13"]
[Round "3"]
[White "Astengo, Corrado"]
[Black "Barlocco, Carlo"]
[Result "1/2-1/2"]
[WhiteElo "2105"]
[BlackElo "2224"]
[PlyCount "101"]
[EventDate "2005.11.12"]

1. e4 d5 2. exd5 Qxd5 3. Nc3 Qd8 4. d4 g6 5. Bc4 Bg7 6. Nf3 Nh6 7. Bf4 Nf5 8.
Be5 O-O 9. O-O Nc6 10. Bxg7 Kxg7 11. d5 Nd6 12. Be2 Nb8 13. Nd4 Bd7 14. Bf3 c6
15. dxc6 Nxc6 16. Nxc6 Bxc6 17. Bxc6 bxc6 18. Qd4+ Kg8 19. Qc5 Qb6 20. Na4 Qxc5
21. Nxc5 Rfd8 22. Rad1 Kf8 23. Rd3 Nc4 24. Rfd1 Rxd3 25. Nxd3 Rd8 26. Kf1 e5
27. b3 Na3 28. c4 e4 29. Nb2 Rxd1+ 30. Nxd1 Nc2 31. Ke2 f5 32. Nc3 Ke7 33. Kd2
Nd4 34. Ke3 Ne6 35. b4 Kd6 36. h4 h6 37. a4 Ke5 38. g3 g5 39. hxg5 hxg5 40. Ne2
f4+ 41. gxf4+ gxf4+ 42. Kd2 Nd4 43. Nc1 f3 44. Kc3 Nf5 45. b5 Kd6 46. a5 cxb5
47. cxb5 Kc5 48. b6 axb6 49. Nb3+ Kc6 50. axb6 Kxb6 51. Nd2 1/2-1/2

[Event "X Weekend A"]
[Site "Gorgonzola ITA"]
[Date "2005.11.13"]
[Round "3"]
[White "Astengo, Marcello"]
[Black "Piantoni, Roberto"]
[Result "0-1"]
[WhiteElo "2077"]
[BlackElo "2153"]
[PlyCount "76"]
[EventDate "2005.11.12"]

1. d4 Nf6 2. c4 c5 3. d5 b5 4. cxb5 a6 5. f3 e6 6. dxe6 fxe6 7. e4 Be7 8. Nc3
Bb7 9. Nh3 O-O 10. Bd3 Qb6 11. Na4 Qc7 12. Bf4 Qa5+ 13. Bd2 Qc7 14. Bf4 Qa5+
15. Bd2 Qc7 16. Rc1 d5 17. exd5 exd5 18. O-O c4 19. Bf4 Qd7 20. b6 Bc6 21. Bc2
d4 22. b3 Bxa4 23. bxa4 Ba3 24. Re1 Bxc1 25. Bxc1 Nc6 26. Ng5 d3 27. Bb1 Rfe8
28. Bd2 Qd4+ 29. Kh1 Qxb6 30. Qc1 Rxe1+ 31. Bxe1 Qd4 32. a3 h6 33. Ne6 Qe5 34.
Nf4 Qd4 35. Ba2 Ne5 36. Bc3 d2 37. Bxd2 Rd8 38. Bxc4+ Nxc4 0-1

[Event "X Weekend A"]
[Site "Gorgonzola ITA"]
[Date "2005.11.13"]
[Round "3"]
[White "Bellani, Alessandro"]
[Black "Agrifoglio, Fabio"]
[Result "1-0"]
[WhiteElo "2116"]
[BlackElo "2031"]
[PlyCount "89"]
[EventDate "2005.11.12"]

1. d4 Nf6 2. c4 g6 3. Nc3 Bg7 4. e4 d6 5. f3 O-O 6. Be3 c6 7. Qd2 e5 8. Nge2
Nfd7 9. O-O-O Nb6 10. Qd3 Qe7 11. g4 Na6 12. a3 Kh8 13. Ng3 Be6 14. d5 cxd5 15.
cxd5 Bd7 16. Kb1 Qh4 17. Qd2 Qe7 18. Bd3 Rfc8 19. Qe2 Nc5 20. Bb5 Nca4 21. Nxa4
Nxa4 22. h4 a6 23. Bxd7 Qxd7 24. h5 Kg8 25. Rc1 Rxc1+ 26. Rxc1 Rc8 27. Rxc8+
Qxc8 28. Qc2 Qxc2+ 29. Kxc2 b6 30. h6 Bf6 31. Nf1 Nc5 32. Nd2 Be7 33. Nc4 b5
34. Bxc5 dxc5 35. Nxe5 Bd6 36. Nd7 f6 37. Nxf6+ Kf7 38. Nxh7 Bf4 39. g5 a5 40.
b3 Ke7 41. Kd3 Kf7 42. a4 b4 43. Kc4 Be3 44. e5 Bf4 45. e6+ 1-0

[Event "X Weekend A"]
[Site "Gorgonzola ITA"]
[Date "2005.11.13"]
[Round "3"]
[White "Bonazzi, Edoardo"]
[Black "Bressanelli, Roberto"]
[Result "0-1"]
[WhiteElo "2161"]
[BlackElo "2102"]
[PlyCount "61"]
[EventDate "2005.11.12"]

1. Nf3 Nf6 2. c4 c5 3. Nc3 d5 4. cxd5 Nxd5 5. g3 g6 6. Bg2 Bg7 7. O-O O-O 8.
Nxd5 Qxd5 9. d3 Nc6 10. Be3 Bd7 11. Nd4 Qd6 12. Nxc6 Bxc6 13. Bxc6 Qxc6 14. Rc1
Qe6 15. Rxc5 Qxa2 16. Qd2 Qxb2 17. Qxb2 Bxb2 18. Rb1 b6 19. Rc7 Bf6 20. Rbc1
Rfb8 21. R1c6 a5 22. Rxb6 Rxb6 23. Bxb6 a4 24. Rc2 Rb8 25. Be3 Bb2 26. Rc4 Ra8
27. Bc1 a3 28. Kg2 Rb8 29. Kf3 f6 30. Ke3 e5 31. f4 0-1

[Event "X Weekend A"]
[Site "Gorgonzola ITA"]
[Date "2005.11.13"]
[Round "3"]
[White "Brigati, Alessandro"]
[Black "Cazzaniga, Walter"]
[Result "0-1"]
[WhiteElo "2006"]
[BlackElo "2104"]
[PlyCount "106"]
[EventDate "2005.11.12"]

1. d4 Nf6 2. c4 g6 3. Nc3 Bg7 4. e4 d6 5. Nf3 O-O 6. Be2 e5 7. d5 a5 8. Bg5 h6
9. Bh4 Na6 10. Nd2 Qe8 11. a3 Bd7 12. Rb1 a4 13. f3 Nh7 14. Nb5 Bxb5 15. cxb5
Nc5 16. O-O b6 17. Bf2 h5 18. Be3 Nf6 19. Qc2 Nfd7 20. Ra1 Kh7 21. Bc4 Qe7 22.
Nb1 Bh6 23. Qd2 Bxe3+ 24. Qxe3 f5 25. Nc3 f4 26. Qe2 g5 27. Na2 Rg8 28. Nb4 Rg6
29. Kh1 Rag8 30. Rg1 g4 31. Rac1 Qh4 32. Na6 Nf6 33. Nxc7 g3 34. h3 Ng4 35.
fxg4 hxg4 36. Rgf1 f3 37. Rxf3 gxf3 38. Qxf3 Rf6 39. Qe3 Qf4 40. Re1 Qxe3 41.
Rxe3 Rc8 42. Na6 Nxa6 43. bxa6 Rxc4 44. Rxg3 Rc7 45. Kg1 Ra7 46. Rc3 Rxa6 47.
Rc6 Ra5 48. Rxb6 Rc5 49. Rb4 Rc2 50. Rxa4 Rff2 51. b4 Rxg2+ 52. Kf1 Rgd2 53.
Ke1 Rh2 0-1

[Event "X Weekend A"]
[Site "Gorgonzola ITA"]
[Date "2005.11.13"]
[Round "3"]
[White "Cervini, Gian Piero"]
[Black "Bonade', Massimo"]
[Result "0-1"]
[WhiteElo "2028"]
[BlackElo "2070"]
[PlyCount "130"]
[EventDate "2005.11.12"]

1. e4 c5 2. c3 d5 3. exd5 Qxd5 4. d4 Nf6 5. Nf3 Nc6 6. c4 Qe4+ 7. Be2 Nxd4 8.
Nxd4 cxd4 9. O-O e5 10. Re1 Be7 11. Bd3 Qh4 12. g3 Qh3 13. Bf1 Qf5 14. Bd3 e4
15. Qe2 Be6 16. Bxe4 Nxe4 17. Qxe4 Qxe4 18. Rxe4 O-O-O 19. b3 Bf6 20. Bb2 Bf5
21. Re2 Rhe8 22. Rxe8 Rxe8 23. Na3 Re2 24. Nb5 Rxb2 25. Nd6+ Kd7 26. Nxf5 Kc6
27. g4 Kc5 28. f4 d3 29. Rd1 d2 30. Kf2 Rxa2 31. Ke2 Bc3 32. Ng3 Kb4 33. Ne4
Kxb3 34. Rb1+ Rb2 35. Nc5+ Kxc4 36. Rxb2 Bxb2 37. Nxb7 d1=Q+ 38. Kxd1 Kd3 39.
Nd6 f6 40. h4 Ba3 41. Nb5 Bc5 42. Nc7 Bf2 43. Ne6 Ke4 44. Nxg7 Kxf4 45. Nh5+
Ke5 46. g5 Bxh4 47. gxf6 Bxf6 48. Ng3 Kd4 49. Ke2 a5 50. Nf5+ Kc3 51. Nd6 a4
52. Ne4+ Kb2 53. Nd2 Bc3 54. Nc4+ Kb3 55. Kd3 h5 56. Nb6 a3 57. Nd5 a2 58. Nxc3
a1=Q 59. Ne2 h4 60. Nd4+ Qxd4+ 61. Ke2 h3 62. Kf3 Qd3+ 63. Kf2 h2 64. Kg2 Qh7
65. Kh1 Qg6 0-1

[Event "X Weekend A"]
[Site "Gorgonzola ITA"]
[Date "2005.11.13"]
[Round "3"]
[White "Facchetti, Gianni"]
[Black "Magrini, Fabrizio"]
[Result "1-0"]
[WhiteElo "2123"]
[BlackElo "2067"]
[PlyCount "87"]
[EventDate "2005.11.12"]

1. e4 c5 2. Nf3 Nc6 3. Bb5 g6 4. Qe2 Bg7 5. O-O Nf6 6. e5 Ng4 7. Bxc6 dxc6 8.
h3 Nh6 9. d3 O-O 10. Nc3 Nf5 11. Bf4 h6 12. Rfe1 b6 13. a4 Be6 14. Ne4 Nd4 15.
Nxd4 Qxd4 16. c3 Qd5 17. c4 Qd4 18. Qe3 Qxe3 19. Rxe3 g5 20. Bg3 Rfd8 21. f3
Bf5 22. Ra3 Bg6 23. Kf1 f5 24. exf6 exf6 25. Nf2 Kf7 26. Rb3 f5 27. Be5 Re8 28.
f4 Bxe5 29. fxe5 f4 30. Re1 h5 31. a5 Rab8 32. axb6 axb6 33. Re2 Ke6 34. Ke1
Kf5 35. Kd2 Rxe5 36. Ne4 g4 37. hxg4+ hxg4 38. Re1 f3 39. gxf3 gxf3 40. Rg1 Bh5
41. Ke3 Bg4 42. Rh1 Kg6 43. Kf4 Rh5 44. Rg1 1-0

[Event "X Weekend A"]
[Site "Gorgonzola ITA"]
[Date "2005.11.13"]
[Round "3"]
[White "Giretti Kanev, Jasen"]
[Black "Bertazzo, Giorgio"]
[Result "1-0"]
[WhiteElo "2203"]
[BlackElo "2137"]
[PlyCount "109"]
[EventDate "2005.11.12"]

1. Nf3 d5 2. d4 c6 3. Bf4 Bf5 4. e3 e6 5. Bd3 Bxd3 6. Qxd3 Nf6 7. Nbd2 Nbd7 8.
O-O Be7 9. h3 O-O 10. Rae1 Re8 11. c3 Bf8 12. g4 c5 13. Bh2 Rc8 14. Kh1 Qa5 15.
Qb1 Qa6 16. Rg1 b5 17. h4 b4 18. cxb4 cxb4 19. h5 Rc6 20. h6 g6 21. g5 Nh5 22.
Rc1 Rec8 23. Rxc6 Qxc6 24. Nb3 Qc2 25. Kg2 Qxb1 26. Rxb1 Be7 27. Rc1 Rxc1 28.
Nxc1 f6 29. gxf6 Nhxf6 30. Ng5 Nf8 31. Bf4 Ne4 32. Nxe4 dxe4 33. Ne2 Nd7 34.
Ng3 g5 35. Bc7 Kf7 36. Nxe4 Kg6 37. Nd6 Bf8 38. Ne4 Bxh6 39. Bd6 Bf8 40. Bxf8
Nxf8 41. Nc5 Kf6 42. b3 h5 43. Na6 Nd7 44. Nxb4 Nb8 45. Nd3 Nc6 46. b4 a6 47.
a4 Nb8 48. Nc5 Ke7 49. Kf3 Kf6 50. Kg3 Kf5 51. e4+ Kf6 52. b5 axb5 53. axb5 Ke7
54. e5 Kf7 55. f3 1-0

[Event "X Weekend A"]
[Site "Gorgonzola ITA"]
[Date "2005.11.13"]
[Round "3"]
[White "Manzoni, Alessandro"]
[Black "Tencati, Giuseppe"]
[Result "0-1"]
[WhiteElo "2074"]
[BlackElo "2132"]
[PlyCount "88"]
[EventDate "2005.11.12"]

1. e4 e6 2. Nc3 d5 3. g3 Nf6 4. exd5 exd5 5. d4 c6 6. Bg2 Bd6 7. Nge2 O-O 8.
O-O Bg4 9. h3 Bxe2 10. Nxe2 Re8 11. Be3 Nbd7 12. Qd3 Ne4 13. Bf4 Ndf6 14. Kh2
Re7 15. f3 Bxf4 16. Nxf4 Nxg3 17. Kxg3 Qd6 18. Qf5 g6 19. Qg5 Nh5+ 20. Kf2 Nxf4
21. Rfe1 Rae8 22. Rxe7 Rxe7 23. Kg1 Ne2+ 24. Kh1 Nxd4 25. Qd2 Nf5 26. Re1 Rxe1+
27. Qxe1 Qe7 28. Qa5 a6 29. Qb6 Qe1+ 30. Kh2 Qg3+ 31. Kg1 Nh4 32. Qf2 Qxg2+ 33.
Qxg2 Nxg2 34. Kxg2 f5 35. Kg3 Kf7 36. h4 Kf6 37. f4 h6 38. a4 g5 39. hxg5+ hxg5
40. fxg5+ Kxg5 41. b4 f4+ 42. Kf3 Kf5 43. c3 Ke5 44. a5 Kf5 0-1

[Event "X Weekend A"]
[Site "Gorgonzola ITA"]
[Date "2005.11.13"]
[Round "3"]
[White "Pace, Pietro Dario"]
[Black "Bozzali, Ermanno"]
[Result "1-0"]
[WhiteElo "2233"]
[BlackElo "2108"]
[PlyCount "95"]
[EventDate "2005.11.12"]

1. e4 c5 2. Nf3 d6 3. b3 Nf6 4. d3 Nc6 5. Bb2 e6 6. Be2 Be7 7. O-O O-O 8. Re1
Qc7 9. Bf1 b6 10. Nbd2 Bb7 11. c3 Rfc8 12. Rc1 Ba6 13. h3 d5 14. exd5 exd5 15.
d4 Bxf1 16. Nxf1 Rd8 17. Ng3 Bd6 18. Nf5 Bf4 19. Rc2 Qd7 20. Ne3 Rac8 21. Rce2
Bxe3 22. Rxe3 c4 23. Ne5 Nxe5 24. dxe5 Ne4 25. b4 Rc6 26. Qd4 Rg6 27. Rd1 Ng5
28. Qh4 Qf5 29. Bc1 Rd7 30. Qg4 Qc2 31. Rde1 Ne6 32. Qf3 h6 33. R3e2 Qa4 34.
Qh5 d4 35. f4 d3 36. Rf2 d2 37. Bxd2 Rxd2 38. Rxd2 Nxf4 39. Qf5 Ne6 40. Rf1 Qe8
41. Kh1 Rg5 42. Qe4 Qb5 43. Qa8+ Kh7 44. Qe4+ Kg8 45. Rd5 Qa6 46. Rd7 Qxa2 47.
Rdxf7 Qd2 48. Re7 1-0